Návrh nového zákona o dani z pridanej hodnoty sa usiluje podporiť príjmy štátneho rozpočtu a zjednodušiť aplikáciu dane
Podstatné časti dôvodovej správy k návrhu zákona o dani z pridanej hodnoty (DPH). DPH do značnej miery ovplyvňuje príjmovú časť štátneho rozpočtu. Charakteristika DPH. Základné princípy DPH. Charakteristika a princípy predkladaného zákona. Niektoré konkrétne zmeny nového zákona.
Salvato in:
| Natura: | Capitolo di libro |
|---|---|
| Lingua: | slovacco |
| Soggetti: | |
| Tags: |
Nessun Tag, puoi essere il primo ad aggiungerne!!
|
MARC
| LEADER | 00000naa a2200000 4500 | ||
|---|---|---|---|
| 001 | r019455 | ||
| 005 | 20221213100940.5 | ||
| 041 | 0 | |a slo | |
| 044 | |a SK | ||
| 245 | 1 | 0 | |a Návrh nového zákona o dani z pridanej hodnoty sa usiluje podporiť príjmy štátneho rozpočtu a zjednodušiť aplikáciu dane |
| 520 | |a Podstatné časti dôvodovej správy k návrhu zákona o dani z pridanej hodnoty (DPH). DPH do značnej miery ovplyvňuje príjmovú časť štátneho rozpočtu. Charakteristika DPH. Základné princípy DPH. Charakteristika a princípy predkladaného zákona. Niektoré konkrétne zmeny nového zákona. | ||
| 610 | 2 | 0 | |a dane z hodnoty pridanej |
| 610 | 2 | 0 | |a zákony |
| 610 | 2 | 0 | |a príjmy rozpočtu štátneho |
| 610 | 2 | 0 | |a Slovensko |